Разработка бизнес-плана для туристского предприятия: учебное пособие

Xehetasun bibliografikoak
Egile nagusia: Бровина А. В.
Erakunde egilea: Югорский государственный университет (ЮГУ) Институт менеджмента и экономики
Beste egile batzuk: Носков С. А.
Gaia:В пособии освещены теоретические основы и технологии разработки бизнес-планов. Особое внимание уделено отраслевым особенностям бизнес-планирования в туристской сфере, вопросам формирования эффективных проектных решений в условиях туристского рынка для разработки бизнес-плана предприятия. Каждая тема сопровождается практическими ситуациями и примерами реальных бизнес-планов. Учебное пособие предназначено для студентов, обучающихся по магистерской программе "Менеджмент в туризме", специалистов, занятых в области туристского бизнеса, а также для преподавателей и студентов, изучающих теоретические и практические основы бизнес-планирования.
Hizkuntza:errusiera
Argitaratua: Ханты-Мансийск, ЮГУ, 2011
Saila:Tempus
Gaiak:
Formatua: MixedMaterials Liburua
KOHA link:https://koha.lib.tpu.ru/cgi-bin/koha/opac-detail.pl?biblionumber=206138

MARC

LEADER 00000nam0a2200000 4500
001 206138
005 20231101225327.0
035 |a (RuTPU)RU\TPU\book\224697 
090 |a 206138 
100 |a 20111226d2011 m y0rusy50 ca 
101 0 |a rus 
102 |a RU 
105 |a a j 001zy 
200 1 |a Разработка бизнес-плана для туристского предприятия  |e учебное пособие  |f А. В. Бровина, С. А. Носков  |g Югорский государственный университет (ЮГУ), Институт менеджмента и экономики 
210 |a Ханты-Мансийск  |c ЮГУ  |d 2011 
215 |a 194 с.  |c ил. 
225 1 |a Tempus 
320 |a Библиогр.: с. 191-193. 
330 |a В пособии освещены теоретические основы и технологии разработки бизнес-планов. Особое внимание уделено отраслевым особенностям бизнес-планирования в туристской сфере, вопросам формирования эффективных проектных решений в условиях туристского рынка для разработки бизнес-плана предприятия. Каждая тема сопровождается практическими ситуациями и примерами реальных бизнес-планов. Учебное пособие предназначено для студентов, обучающихся по магистерской программе "Менеджмент в туризме", специалистов, занятых в области туристского бизнеса, а также для преподавателей и студентов, изучающих теоретические и практические основы бизнес-планирования. 
606 1 |a Туризм  |x Экономика  |2 stltpush  |3 (RuTPU)RU\TPU\subj\53770  |9 71935 
610 1 |a бизнес-планы 
610 1 |a разработка 
610 1 |a туристские предприятия 
610 1 |a экономическая политика 
610 1 |a инновационные стратегии 
610 1 |a бизнес-идеи 
610 1 |a программное обеспечение 
610 1 |a кейсы 
610 1 |a SWOT-анализ 
610 1 |a рынок 
610 1 |a анализ 
610 1 |a конкурентные стратегии 
610 1 |a правовое регулирование 
610 1 |a паломничество 
610 1 |a маркетинг 
610 1 |a маркетинг-план 
610 1 |a туристские услуги 
610 1 |a производственный план 
610 1 |a организационное планирование 
610 1 |a функциональные обязанности 
610 1 |a финансовый план 
610 1 |a экономическая эффективность 
610 1 |a прогнозы 
610 1 |a риски 
610 1 |a типичные ошибки 
610 1 |a тесты 
610 1 |a учебные пособия 
686 |a У9(2)43я73  |v LBC/SL-A  |2 rubbk 
700 1 |a Бровина  |b А. В. 
701 1 |a Носков  |b С. А. 
712 0 2 |a Югорский государственный университет (ЮГУ)  |b Институт менеджмента и экономики  |c (Ханты-Мансийск)  |2 stltpush  |3 (RuTPU)RU\TPU\col\14344 
801 1 |a RU  |b 63413507  |c 20111226 
801 2 |a RU  |b 63413507  |c 20170320  |g RCR 
942 |c BK